|
|
|
|
| LEADER |
00000nam0a2200000 4500 |
| 001 |
275345 |
| 005 |
20231031230633.0 |
| 035 |
|
|
|a (RuTPU)RU\TPU\book\298586
|
| 090 |
|
|
|a 275345
|
| 100 |
|
|
|a 20141113d1985 km y0rusy50 ca
|
| 101 |
0 |
|
|a rus
|
| 102 |
|
|
|a RU
|
| 105 |
|
|
|a a z 001zy
|
| 200 |
1 |
|
|a Зубообработка конических передач с малыми межосевыми углами
|f В. Л. Филиппов
|
| 210 |
|
|
|a Саратов
|c Изд-во Саратовского ун-та
|d 1985
|
| 215 |
|
|
|a 104 с.
|c ил.
|
| 320 |
|
|
|a Библиогр.: с. 102-103
|
| 606 |
1 |
|
|a Зуборезные станки
|x Эксплуатация
|2 stltpush
|3 (RuTPU)RU\TPU\subj\11964
|
| 610 |
1 |
|
|a зубообработка
|
| 610 |
1 |
|
|a схема
|
| 610 |
1 |
|
|a подрезание
|
| 610 |
1 |
|
|a обкат
|
| 610 |
1 |
|
|a настройка
|
| 610 |
1 |
|
|a модификаторы
|
| 610 |
1 |
|
|a зубонарезание
|
| 610 |
1 |
|
|a зубошлифование
|
| 610 |
1 |
|
|a расчет
|
| 675 |
|
|
|a 621.9.06:621.833
|v 3
|
| 700 |
|
1 |
|a Филиппов
|b В. Л.
|g Владимир Львович
|
| 801 |
|
1 |
|a RU
|b 63413507
|c 20141113
|
| 801 |
|
2 |
|a RU
|b 63413507
|c 20170329
|g RCR
|
| 942 |
|
|
|c BK
|